| 000 | 00781cam a22002411 4500 | ||
|---|---|---|---|
| 001 | ne 68000496 | ||
| 003 | DLC | ||
| 005 | 20260227111838.0 | ||
| 008 | 910222s1962 ir c b 000 0 perr | ||
| 010 | _ane 68000496 | ||
| 035 | _a(OCoLC)23139021 | ||
| 040 |
_aDLC _cCU _dCU _dDLC |
||
| 042 | _apremarc | ||
| 050 | 0 | 0 |
_aDS294 _b.M312 |
| 100 | 0 |
_aMahdī Khān Astarābādī, _dactive 1733-1759. |
|
| 240 | 1 | 0 | _aTārīkh-i Nādirī |
| 245 | 1 | 0 |
_aJahāngushā-yi Nādirī, _ctaʼlīf-i Mīrzā Mahdī khān Astar Ābādī. Bi-ihtimām-i Sayyid ʻAbd Allāh Anvār. |
| 260 |
_aTihrān, _c1341 [1962 or 3] |
||
| 300 |
_a32, 860 p. _bports. _c25 cm. |
||
| 504 | _aBibliographical footnotes. | ||
| 600 | 0 | 0 |
_aNādir Shāh, _cShah of Iran, _d1688-1747. |
| 700 | 1 | _aAnvār, ʻAbd Allāh. | |
| 999 |
_c50067 _d50067 |
||